[Event "ISR-ch Open 2018"]
[Site "Ma'alot-Tarshih"]
[Date "2018.12.12"]
[Round "1"]
[White "Postny, Evgeny"]
[Black "Galburd, Yan"]
[Result "1-0"]
[WhiteElo "2615"]
[BlackElo "2382"]
[Annotator "TA"]
[PlyCount "187"]
[EventDate "2018.12.12"]
[EventType "swiss"]
[EventCountry "ISR"]
[SourceTitle "playchess.com"]
[Source "ChessBase"]
[SourceQuality "1"]

{[%evp 14,187,18,15,27,-7,-8,0,-2,-6,-10,0,0,-8,-1,-7,0,-3,0,-5,-8,-11,-11,-11,-11,-11,-11,-11,-11,-16,-16,-16,-16,-16,-16,-16,-8,-16,-16,-16,-16,-16,0,-16,0,-9,-9,-16,-9,-16,0,-16,-16,-17,0,-17,-16,-17,-7,-17,-8,-17,7,-8,0,-17,-17,-17,-17,-17,-17,-17,-17,-17,0,-17,-17,-17,-10,-8,-8,-8,-8,-7,-12,-18,-14,-24,-8,-8,-11,-2,0,-12,-7,0,-7,-16,-10,-9,0,3,13,14,55,67,54,42,78,78,78,78,78,78,78,78,78,68,60,67,78,78,78,85,184,166,144,127,158,148,270,291,374,359,766,659,564,259,283,53,307,302,278,0,0,0,0,0,329,275,282,266,429,408,414,78,75,66,91,91,209,85,85,85,316,139,139,139,194,194,194,19,29996,29997,29997,29998]} 1. d4 Nf6 2. c4 e6 3. Nf3 d5 4. Nc3 Bb4 5. cxd5 exd5 6. Bf4 {D38: Queen's Gambit Declined: Ragozin Defence (4 Nf3 Bb4)} (6. Bg5 h6 7. Bh4 O-O 8. e3 Bf5 9. Qb3 Bxc3+ 10. Qxc3 Nbd7 11. Qa3 c6 12. Be2 Qb6 13. Nd2 a5 14. O-O Rfe8 15. Rfe1 {½-½ (34) Aronian,L (2780)-Deac,B (2594) Douglas 2018}) 6... O-O 7. Rc1 c6 8. e3 {LiveBook: 11 Games. The position is equal.} Ne4 9. Nd2 $146 (9. Bd3 {keeps more tension.} Bf5 10. O-O Nd7 11. Qc2 Qe7 12. Ne2) ({Predecessor:} 9. Bd3 Bf5 10. O-O Nd7 11. Qc2 Qe7 12. Bxe4 dxe4 13. Nd2 Bg6 {½-½ (23) Jansson,B-Ljungqvist,L Nassjo 1970}) 9... Nxd2 10. Qxd2 Bf5 11. Be2 Nd7 12. a3 Be7 13. O-O Nf6 14. Rfe1 h6 15. Be5 Ne4 16. Nxe4 Bxe4 17. Rc3 a5 18. Bg4 Bg6 19. Rb3 Ra7 20. Rc1 Re8 21. h3 Bf8 22. Bf4 Kh8 23. Qd1 Be4 24. Rbc3 Kg8 25. Qd2 Ra8 26. Re1 Bg6 27. Rcc1 Qe7 28. Qc3 Qd8 29. Qb3 Ra7 30. Rcd1 Kh8 31. Be2 Kg8 32. Bf1 Be7 33. Be5 Bf8 34. Qc3 Ra8 35. Ra1 Qb6 36. Bf4 Rad8 37. Rad1 Rd7 38. Rd2 Rdd8 39. Rc1 Ra8 40. Be2 Bf5 41. Bd1 Ra7 42. Re2 Bg6 43. Re1 Bf5 44. Bg3 Ra6 45. Kh1 Bg6 46. Bg4 Raa8 47. Re2 Be7 48. Qe1 Qd8 49. Rd2 Bf8 50. Qg1 Be4 51. Qh2 Qf6 52. Be5 Qg6 53. Be2 Qe6 54. Bf4 g5 55. Be5 f6 56. Bg3 Red8 57. f3 Bg6 58. e4 dxe4 59. Bc4 Rd5 $1 60. Re1 Re8 61. Rde2 f5 62. fxe4 fxe4 63. Be5 b5 64. Bxd5 Qxd5 65. Rf1 c5 66. Qg1 Be7 67. Rd2 Rd8 68. Qe3 b4 (68... Kh7 $16) 69. axb4 $1 $18 axb4 70. Rfd1 {[%cal Bf1d1,Bd1a1,Ba1a8][%mdl 32]} c4 71. Ra1 Qe6 (71... Bd6 $16 72. Bxd6 Rxd6) 72. Rf2 Rf8 73. Rxf8+ Kxf8 $2 (73... Bxf8 74. Ra8 Qc6) 74. Ra8+ Kf7 75. g4 (75. Qf2+ $142 Bf5 76. g4) 75... Qc6 76. Ra7 $2 (76. Rb8 $18) 76... c3 $2 {[%mdl 8192]} (76... Ke8 $14) 77. bxc3 bxc3 78. Qf2+ $2 (78. Rc7 $18 Qa6 79. Rxc3) 78... Ke8 $11 {Strongly threatening ...e3+.} 79. Qa2 e3+ 80. Kh2 {White threatens Qg8+ and mate.} Kf8 $2 {[%mdl 8192]} (80... c2 $11 81. Qg8+ Bf8 82. Ra8+ Qxa8 83. Qxg6+ {[%mdl 64] Double Attack} Kd8 84. Qxc2 Qa5 85. Bf6+ Kd7 86. Qh7+ Kc8) 81. Ra8+ Be8 {Hoping for ...c2.} 82. d5 Qb5 $2 (82... Qg6 83. Qe2 (83. Bxc3 Qd3 $11) 83... Qf7 84. Qxe3 (84. Bxc3 Qxd5 85. Qf1+ Qf7 $18) 84... Qxd5 85. Qf2+ Qf7) 83. Qg2 $1 $18 c2 84. Qxc2 $2 (84. Rc8 $18) 84... Qxd5 $16 85. Qf5+ Qf7 86. Kg3 $40 {[%mdl 128] aiming for Rc8. White wants a kill.} h5 (86... Qxf5 $16 87. gxf5 Bc5) 87. Qxf7+ (87. Bd4 $18 {and White stays clearly on top.}) 87... Kxf7 88. gxh5 $18 {[%mdl 4096] Endgame KRB-KB} Bb5 $2 (88... Bb4 $16 {keeps fighting.} 89. Rxe8 (89. Ra2 Bb5 $16) 89... Kxe8) 89. h6 (89. Ra7 $18 {is more deadly.} Ke6 90. Bc3) 89... e2 $16 {[#]} 90. Bc3 $1 Kg6 {[#]} (90... Bd6+ $16 {was called for.} 91. Kf3 e1=N+ 92. Ke4 (92. Bxe1 Bc6+ {[%mdl 64] Double Attack} 93. Kg4 Bxa8 $11) (92. Kg4 Be2+ 93. Kf5 Bd3+ 94. Kg4 Be2+ 95. Kf5 Bd3+ 96. Kg4 Be2+ $11) 92... Kg6 93. Rg8+ Kxh6) 91. h7 $1 $18 {[%cal Rh7h8]} Bd6+ (91... Kxh7 92. Ra7) 92. Kg4 $2 (92. Kf3 $18 Kxh7 93. Ra5) 92... Kxh7 $2 {[%mdl 8192]} (92... e1=Q $11 93. h8=N+ (93. Bxe1 $2 {leads to mate.} Be2#) 93... Kh6 94. Bxe1 Bd7+ 95. Kf3 Bc6+ 96. Ke2 Bxa8) 93. Kh5 {[%csl Gc3][%cal Ra8h8]} Be5 94. Bxe5 {Accuracy: White = 41%, Black = 41%.} 1-0

[Event "ISR-ch Open 2018"]
[Site "Ma'alot-Tarshih"]
[Date "2018.12.12"]
[Round "1"]
[White "Mikhalevski, Victor"]
[Black "Iliaguev, Nisim"]
[Result "1-0"]
[WhiteElo "2579"]
[BlackElo "2338"]
[Annotator "TA"]
[PlyCount "93"]
[EventDate "2018.12.12"]
[EventType "swiss"]
[EventCountry "ISR"]
[SourceTitle "playchess.com"]
[Source "ChessBase"]
[SourceQuality "1"]

{[%evp 15,93,5,43,42,41,41,62,43,59,52,63,58,64,75,70,79,68,36,27,14,18,0,0,0,0,0,0,0,-10,-39,0,0,38,0,0,0,0,0,0,0,0,-2,11,4,13,0,5,0,4,0,0,0,25,0,0,0,28,0,0,0,0,-14,87,9,17,26,81,91,97,94,100,104,231,237,287,227,951,941,783,818]} 1. d4 Nf6 2. Nf3 e6 3. Bg5 Be7 4. Nbd2 d5 5. e3 O-O 6. Bd3 c5 7. c3 Nc6 8. O-O h6 {LiveBook: 7 Games. D03: 1 d4 d5 2 Nf3 Nf6 3 Bg5, including Torre Attack with early ...d5} 9. Bxf6 Bxf6 10. dxc5 Qe7 {White is slightly better.} 11. Nb3 Rd8 12. Qe2 a5 13. a4 $1 e5 {Hoping for ...e4.} 14. e4 d4 15. Bc4 $146 ({Predecessor:} 15. cxd4 exd4 16. Nfd2 {1-0 (30) Grivas,E (2494)-Karabalis,H (2255) Athens 2002}) 15... Be6 16. Rfd1 Rd7 17. Bxe6 Qxe6 18. Qb5 Na7 $1 {[%cal Ra7b5]} 19. Qb6 Nc6 {...Ra6 is the strong threat.} 20. cxd4 exd4 21. Nbd2 d3 22. Rac1 Ra6 23. Qb5 Na7 (23... g5 $5 {[%cal Rg5g4]}) 24. Qc4 Bxb2 25. Rb1 Ba3 26. Rb3 Qxc4 27. Nxc4 Bxc5 28. Nce5 Re7 29. Nxd3 Rd6 30. Rc1 Bd4 31. Kf1 Nc6 32. Rc4 Ba7 33. g3 Red7 34. Ke2 Re7 35. Kf1 Red7 36. Nf4 Rd1+ 37. Kg2 Ra1 38. Rb2 Nb4 (38... Ra3 $11) 39. e5 (39. Rc8+ $16 Kh7 40. e5) 39... Nc6 $11 40. h4 {[%cal Bh2h4,Bh4h5][%mdl 32]} Kh7 (40... Ra3 $11) 41. e6 $16 Re7 42. exf7 Rxf7 {[#]} 43. h5 $1 Ra3 {[#]} (43... Rd1 $16) 44. Re4 $1 $18 Bc5 45. Re8 {Black must now prevent Ng6.} Bf8 $2 (45... Rf8 46. Rxf8 Bxf8) 46. Nh4 Kg8 47. Nhg6 {Accuracy: White = 68%, Black = 43%.} 1-0

[Event "ISR-ch Open 2018"]
[Site "Ma'alot-Tarshih"]
[Date "2018.12.12"]
[Round "1"]
[White "Baron, Tal"]
[Black "Aharon, Ofir"]
[Result "*"]
[WhiteElo "2532"]
[BlackElo "2320"]
[Annotator "TA"]
[PlyCount "44"]
[EventDate "2018.12.12"]
[EventType "swiss"]
[EventCountry "ISR"]
[SourceTitle "playchess.com"]
[Source "ChessBase"]
[SourceQuality "1"]

{[%evp 20,21,16,-26]} 1. Nf3 c5 2. c4 Nf6 3. Nc3 e6 4. g3 b6 5. Bg2 Bb7 6. O-O Be7 7. d4 cxd4 8. Qxd4 O-O 9. Bg5 d6 {A30: Symmetrical English: Double Fianchetto and Hedgehog} 10. Bxf6 Bxf6 11. Qf4 {LiveBook: 7 Games} {Predecessor:} Be7 $146 12. Rfd1 a6 13. Ne4 Bxe4 14. Qxe4 Ra7 15. Rd2 Qc8 16. Rad1 Rc7 17. b3 Nd7 18. Nd4 Nf6 19. Qf3 d5 20. cxd5 Nxd5 21. Nf5 Bb4 22. Rxd5 exd5 {1-0 (58) Iturrizaga Bonelli,E (2650)-Grabinsky,A (2359) chess.com INT 2018} *

[Event "ISR-ch Open 2018"]
[Site "Ma'alot-Tarshih"]
[Date "2018.12.12"]
[Round "1"]
[White "Baron, Tal"]
[Black "Aharon, Ofir"]
[Result "1-0"]
[WhiteElo "2532"]
[BlackElo "2320"]
[Annotator "TA"]
[PlyCount "85"]
[EventDate "2018.12.12"]
[EventType "swiss"]
[EventCountry "ISR"]
[SourceTitle "playchess.com"]
[Source "ChessBase"]
[SourceQuality "1"]

{[%evp 26,85,72,43,68,50,66,23,47,26,30,18,29,0,87,107,133,131,134,162,151,70,75,64,67,63,66,52,56,45,49,52,49,35,43,39,55,33,48,41,157,145,159,156,202,164,350,338,556,556,560,528,620,607,810,807,1194,1111,2567,2449,1772,1776]} 1. d4 Nf6 2. c4 g6 3. f3 d5 4. cxd5 Nxd5 5. e4 Nb6 6. Nc3 Bg7 7. Be3 O-O 8. Qd2 e5 9. d5 c6 {D70: Grünfeld: Unusual White 3rd moves (met by ...d5)} 10. h4 (10. Rd1 cxd5 11. exd5 N8d7 12. Nh3 e4 13. fxe4 Ne5 14. Nf2 f5 15. Bc5 Rf7 16. Be2 f4 17. Bf3 {½-½ (25) Aronian,L (2805)-Vachier Lagrave,M (2789) London 2017}) 10... cxd5 11. exd5 N8d7 12. h5 Nf6 13. hxg6 fxg6 14. O-O-O $1 {LiveBook: 42 Games} Bd7 15. Kb1 Rc8 16. d6 e4 17. Ka1 {[#]} Na4 $146 18. Nge2 {[%cal Bg1e2,Be2c1,Bc1b3][%mdl 32]} Qa5 19. Bd4 ({But not} 19. fxe4 Nxb2 20. Qxb2 Nxe4 $15) ({Reject} 19. Nxe4 Qxd2 20. Rxd2 Nxe4 $15) 19... Nc5 (19... Nxc3 $11 {remains equal.} 20. Bxc3 (20. Nxc3 Be6 $15) 20... Qa4) 20. Nc1 $1 $16 Be6 {[#]} 21. Nd5 $1 {[%cal Rd5e7][%mdl 512]} Nb3+ (21... Bxd5 22. Qxa5) 22. Nxb3 Qxd5 23. Bxf6 (23. Bxa7 $2 Qxd2 24. Nxd2 Ra8 $17) ({White should play} 23. fxe4 $1 $16 Qc6 24. Qb4) 23... Qxd2 $14 24. Nxd2 Rxf6 25. Nxe4 Rf5 $1 26. Bd3 Ra5 27. Bb1 Rb5 {[%csl Gb5][%cal Rg7b2]} 28. Rd2 Rd8 29. Rhd1 Kf8 30. g4 Rb6 31. Re2 Bc4 32. Rc2 $36 {[%mdl 2048] White has some pressure.} Be5 {[#]} (32... Be6 $14) 33. f4 $1 $16 {[%cal Rf4e5]} Bg7 {[#]} 34. Rdd2 $1 Bf7 35. Rc7 h6 $2 (35... Kg8 {was worth a try.} 36. Re2 Rc6) 36. a3 $18 Ra6 $2 (36... Be8 {is a better defense.} 37. Ba2 Rc6) 37. Ba2 {White is clearly winning.} Bxa2 38. Kxa2 Rb6 39. b4 {[%cal Bb2b4,Bb4a5][%mdl 32]} a5 40. bxa5 Rb5 41. Nc5 Rxd6 42. Rxd6 {[%cal Rd6d8]} Rb2+ 43. Ka1 {Accuracy: White = 60%, Black = 34%.} 1-0

[Event "ISR-ch Open 2018"]
[Site "Ma'alot-Tarshih"]
[Date "2018.12.12"]
[Round "1"]
[White "Zanan, Evgeny"]
[Black "Taichman, Ori"]
[Result "1-0"]
[WhiteElo "2521"]
[BlackElo "2303"]
[Annotator "TA"]
[PlyCount "73"]
[EventDate "2018.12.12"]
[EventType "swiss"]
[EventCountry "ISR"]
[SourceTitle "playchess.com"]
[Source "ChessBase"]
[SourceQuality "1"]

{[%evp 10,73,32,18,27,27,14,14,20,0,4,0,10,0,0,0,0,0,36,39,40,31,71,70,76,63,69,71,79,64,63,51,40,47,70,77,62,38,46,54,161,167,224,236,391,345,394,366,367,359,423,433,415,399,414,411,567,553,659,659,622,624,564,546,29983,29984]} 1. e4 c5 2. Nf3 Nc6 3. d4 cxd4 4. Nxd4 d5 5. exd5 (5. Bb5 dxe4 6. Nxc6 Qxd1+ 7. Kxd1 a6 8. Ba4 Bd7 9. Nc3 Bxc6 10. Bxc6+ bxc6 11. Nxe4 f5 12. Nd2 e5 13. Nc4 e4 14. Ke2 Nf6 15. Rd1 Rd8 16. Rxd8+ Kxd8 {½-½ (55) Smeets,J (2598)-Reinderman,D (2568) Amstelveen 2016}) 5... Qxd5 6. Nxc6 {LiveBook: 3 Games. B32: Sicilian: Löwenthal and Kalashnikov Variations} Qxd1+ 7. Kxd1 {[#] Ne5 is the strong threat.} bxc6 8. Bd3 {The position is equal.} Nf6 9. f3 Nd5 $146 ({Predecessor:} 9... e6 10. Be3 Nd5 11. Bf2 Nf4 12. Be4 Bb7 {0-1 (33) Steiner,P-Schluenz,W Bad Segeberg 1998}) 10. a3 e5 11. Re1 Bd6 12. c4 Ne7 13. Nd2 $36 {[%mdl 2048] White has good play.} Bf5 14. Ne4 O-O-O 15. Kc2 Bxe4 16. Bxe4 Bc5 17. Bd2 Bd4 18. Rad1 Rd7 19. Bc3 (19. b3 {looks sharper.} f6 20. Bd3 Bc5 21. b4 Bf2 22. Rf1) 19... Bxc3 20. Rxd7 Kxd7 21. Kxc3 $14 {[%mdl 4096] Endgame KRB-KRN} h6 22. b4 {[%cal Bb2b4,Bb4b5][%mdl 32]} Rd8 23. a4 {[%cal Ba3a4,Ba4a5,Ba5a6][%mdl 32]} Ke6 24. b5 c5 ({Black should try} 24... f5 $1 $14) 25. a5 $18 f5 {[#]} (25... h5 $142 26. Rb1 g6) 26. Bb7 $1 Rb8 $2 (26... Nc8 {is a better defense.} 27. g4 f4 28. Bd5+ Kd6) 27. a6 Nc8 28. Bxc8+ Rxc8 {KR-KR} 29. Rd1 g5 30. Rd5 h5 31. Kd3 g4 32. Ke3 gxf3 33. gxf3 h4 34. h3 Rc7 {Black hopes to continue with ...Rc8.} 35. Rd8 Rg7 36. Rh8 Rd7 37. Rh6+ {Accuracy: White = 73%, Black = 46%.} 1-0

[Event "ISR-ch Open 2018"]
[Site "Ma'alot-Tarshih"]
[Date "2018.12.12"]
[Round "1"]
[White "Greenfeld, Alon"]
[Black "Lukin, Elisha"]
[Result "*"]
[WhiteElo "2504"]
[BlackElo "2280"]
[Annotator "TA"]
[PlyCount "13"]
[EventDate "2018.12.12"]
[EventType "swiss"]
[EventCountry "ISR"]
[SourceTitle "playchess.com"]
[Source "ChessBase"]
[SourceQuality "1"]

{[%evp 9,13,19,50,33,54,50]} 1. e4 g6 2. h4 d5 3. exd5 Nf6 4. d4 (4. h5 Nxh5 5. Rxh5 gxh5 6. Qxh5 Nd7 7. Nc3 Nf6 8. Qe5 a6 9. d4 Bg7 10. Nf3 O-O 11. Bd3 {½-½ (50) Kovalenko,I (2611)-Moiseenko,A (2707) Poznan 2014}) 4... Qxd5 5. Nc3 Qd8 $146 ({Predecessor:} 5... Qa5 6. Be3 Bg7 7. Qd2 Bf5 8. Nge2 Nc6 9. Ng3 O-O-O 10. Nxf5 gxf5 11. Bd3 Nxd4 12. Bxd4 Rxd4 13. Bxf5+ {0-1 (36) Milenkovic,M (2404)-Chatalbashev,B (2549) Vrnjacka Banja 2012}) 6. Nf3 {B06: Modern Defence} Bg4 7. Bc4 *

[Event "ISR-ch Open 2018"]
[Site "Ma'alot-Tarshih"]
[Date "2018.12.12"]
[Round "1"]
[White "Greenfeld, Alon"]
[Black "Lukin, Elisha"]
[Result "1-0"]
[WhiteElo "2504"]
[BlackElo "2280"]
[Annotator "TA"]
[PlyCount "79"]
[EventDate "2018.12.12"]
[EventType "swiss"]
[EventCountry "ISR"]
[SourceTitle "playchess.com"]
[Source "ChessBase"]
[SourceQuality "1"]

{[%evp 12,79,63,34,92,0,0,-3,-2,0,0,0,0,0,16,0,6,-19,0,0,56,9,63,65,64,59,53,64,58,30,35,27,15,14,35,43,102,64,150,123,177,188,202,195,198,195,192,162,160,150,147,144,168,176,185,180,152,161,175,133,136,128,703,706,650,639,29994,29995,29995,29996]} 1. d4 d5 2. c4 c6 3. Nf3 Nf6 4. g3 Bf5 5. Nc3 e6 6. Nh4 {D11: Slav Defence: 3 Nf3 sidelines and 3...Nf6 4 e3 Bg4} Bg4 7. Qb3 {LiveBook: 11 Games} b5 $146 (7... Qb6 $14) ({Predecessor:} 7... Qb6 8. h3 Bh5 9. g4 Bg6 10. Nxg6 hxg6 11. Bg2 Na6 12. Bf4 Qb4 {1-0 (46) Gelfand,B (2734)-Inarkiev,E (2730) Magas 2016}) 8. cxd5 (8. cxb5 $16 c5 9. dxc5 Bxc5 10. h3) 8... exd5 $11 9. Bg2 Be7 10. Qc2 Qd7 11. O-O O-O 12. Re1 Na6 13. a3 Rfe8 14. Bd2 Rac8 15. b4 Ne4 (15... Nc7 $11) 16. Nf3 Bf6 (16... Bxf3 $11 17. Bxf3 (17. exf3 Nxd2 18. Qxd2 Nc7 $11) 17... f5) 17. Nxe4 $14 dxe4 18. Ne5 $1 {[%cal Re5d7]} Bxe5 19. dxe5 Bf5 {[#] ...e3 is the strong threat.} 20. Qb2 c5 21. Be3 c4 22. Rad1 $36 {[%mdl 2048] White has good play.} Qb7 23. Rd6 c3 (23... Nc7 $14) 24. Qb3 Rxe5 (24... Nb8 $14) 25. Rc1 Re6 (25... h6 $16) 26. Rd5 $18 g6 27. Rxc3 Rec6 28. Rxc6 Qxc6 29. Bh6 Qf6 30. Qd1 Nc7 31. Rd6 Ne6 {[#] With the idea ...g5.} 32. h4 $1 Rd8 33. Qd5 Rxd6 34. Qxd6 Qd8 35. Qe5 a6 36. Bxe4 Bg4 $2 {[%mdl 8192]} (36... Bxe4 $16 37. Qxe4 Ng7) 37. Bd5 {White wants to mate with Bxe6.} Qc7 38. Qb2 {Threatening mate with Bxe6.} Qd7 39. Bxe6 fxe6 40. Qf6 {Accuracy: White = 65%, Black = 40%.} 1-0

[Event "ISR-ch Open 2018"]
[Site "Ma'alot-Tarshih"]
[Date "2018.12.12"]
[Round "1"]
[White "Mindlin, Alon"]
[Black "Frenkel, Ran"]
[Result "1-0"]
[WhiteElo "2472"]
[BlackElo "2252"]
[Annotator "TA"]
[PlyCount "71"]
[EventDate "2018.12.12"]
[EventType "swiss"]
[EventCountry "ISR"]
[SourceTitle "playchess.com"]
[Source "ChessBase"]
[SourceQuality "1"]

{[%evp 33,71,2,10,-16,-18,-6,0,0,0,0,0,0,0,-11,-4,-8,0,0,0,0,82,93,97,97,98,98,91,90,120,120,262,227,5481,552,29993,29994,29996,29997,29997,235]} 1. d4 d5 2. c4 e6 3. Nc3 Be7 4. Nf3 Nf6 5. Bg5 O-O 6. e3 h6 7. Bh4 Ne4 8. Bxe7 Qxe7 9. Rc1 c6 10. Bd3 Nxc3 11. Rxc3 dxc4 12. Bxc4 b6 13. O-O Bb7 14. Qe2 Nd7 15. Ba6 Bxa6 {D56: Queen's Gambit Declined: Lasker Defence} 16. Qxa6 c5 17. Rfc1 Rfd8 {[#] LiveBook: 4 Games. The position is equal.} 18. dxc5 $146 ({Predecessor:} 18. h3 e5 19. Qb7 Rdb8 20. Qe4 Re8 21. Rd1 exd4 22. Qxe7 Rxe7 23. exd4 Re2 24. Rd2 Rxd2 25. Nxd2 Rd8 26. Nb3 cxd4 27. Rd3 Re8 {½-½ (27) Le,Q (2715)-Nakamura,H (2763) chess.com INT 2018}) 18... Nxc5 19. Qe2 Qd6 20. Nd4 e5 21. Nf5 Qf6 22. Ng3 a5 23. Rc4 g6 24. a3 Qd6 25. h4 h5 26. Qf3 a4 (26... Qd5 $11 {remains equal.}) 27. Ne4 $16 Nxe4 28. Qxe4 b5 29. Rc5 Rab8 30. Rxe5 ({Of course not} 30. Qxe5 $6 Qxe5 31. Rxe5 Rd2 $11) 30... Qd2 31. Rc2 Qe1+ (31... Qd6 $16) 32. Kh2 $18 {[#] Strongly threatening Rc6.} b4 $2 (32... Qd1 33. Rc7 Rbc8 34. Rxc8 Rxc8 35. Re8+ (35. Rxb5 Qe2 $18) 35... Rxe8 36. Qxe8+ {[%mdl 64] Double Attack} Kg7 37. Qe5+ (37. Qxb5 Qc2 $18) 37... Kf8 38. Qc5+ (38. Qxb5 Qd2 $18) 38... Ke8 39. Qxb5+ Qd7 40. Qe5+ Kd8 41. Qf6+ Ke8 42. Qe5+ Kd8 43. Qg5+ Ke8 44. Qe5+) 33. Re6 (33. Rc6 $142 {White wants to mate with Rxg6+!} Kf8 34. Rf6) 33... Kg7 34. Rc7 {White mates.} Qxf2 35. Qxg6+ {[%mdl 64] [#] Double Attack} Kf8 36. Qh6+ {Accuracy: White = 67%, Black = 27%.} 1-0

[Event "ISR-ch Open 2018"]
[Site "Ma'alot-Tarshih"]
[Date "2018.12.12"]
[Round "1"]
[White "Gruenfeld, Yehuda"]
[Black "Gershkowich, David"]
[Result "1/2-1/2"]
[WhiteElo "2421"]
[BlackElo "2193"]
[Annotator "TA"]
[PlyCount "72"]
[EventDate "2018.12.12"]
[EventType "swiss"]
[EventCountry "ISR"]
[SourceTitle "playchess.com"]
[Source "ChessBase"]
[SourceQuality "1"]

{[%evp 30,72,53,58,37,0,0,4,44,44,37,41,46,51,72,51,79,73,92,68,75,68,143,112,130,125,149,81,71,75,77,65,83,94,66,33,43,20,22,0,6,-60,-5,-158,-150]} 1. e4 c5 2. Nf3 d6 3. d4 cxd4 4. Nxd4 Nf6 5. Nc3 g6 6. Be3 Bg7 7. f3 Nc6 8. Qd2 O-O 9. O-O-O d5 10. exd5 Nxd5 11. Nxc6 bxc6 12. Bd4 e5 13. Bc5 Be6 14. Ne4 Rb8 15. h4 {B76: Sicilian Dragon: Yugoslav Attack, 9 g4 and 9 0-0-0} (15. Bc4 Re8 16. Bb3 a5 17. a4 Rxb3 18. cxb3 Qb8 19. Qc2 Nf4 20. Bd6 Qxb3 21. Qxb3 Bxb3 22. Nc5 Bxd1 23. Rxd1 Nd5 {1-0 (35) Ter Sahakyan,S (2586)-Grigoryan,K (2590) Yerevan 2015}) 15... f5 16. Ng5 $1 {[%cal Rg5e6] LiveBook: 3 Games} ({Avoid the trap} 16. Bxf8 $2 Qxf8 17. h5 fxe4 $19) 16... e4 $1 {[%cal Be5e4,Be4e3][%mdl 32]} 17. Bd4 {[#]White is slightly better.} e3 $1 {[%cal Re3d2][%mdl 512]} 18. Qd3 (18. Bxe3 Bxb2+) 18... Bf7 $146 ({Predecessor:} 18... Qd7 19. Bxg7 Qxg7 20. Qd4 Bc8 21. Bc4 h6 22. Bxd5+ cxd5 23. Qxd5+ {½-½ (31) Arnold,L (2408)-Rajlich,V (2330) Paks 2001}) 19. Bxg7 Kxg7 20. Qd4+ Qf6 21. Bc4 {Threatens to win with Qxf6+.} Qxd4 22. Rxd4 Bg8 23. Re1 Rfe8 24. Bxd5 Bxd5 25. c4 Rb4 ({Black should play} 25... h6 $14) 26. b3 $1 $16 h6 {[#]} 27. Nh3 $1 Bf7 {[#]} 28. Nf4 (28. Rd3 $142 $1) 28... Rb7 29. Nd3 Rbe7 30. f4 g5 31. hxg5 hxg5 32. fxg5 Re4 $1 {[%cal Re4d4]} 33. Rd7 Rg4 34. Re2 Rxg5 35. Nf4 (35. Rxa7 $11 Kg8 36. Ra6) 35... Kf6 (35... Rg4 $15 36. Nh3 a5) 36. c5 $2 ({White must play} 36. Rc7 $11) 36... Re4 {Accuracy: White = 47%, Black = 60%.} 1/2-1/2

[Event "ISR-ch Open 2018"]
[Site "Ma'alot-Tarshih"]
[Date "2018.12.12"]
[Round "1"]
[White "Globus, Or"]
[Black "Kupervaser, Erez"]
[Result "1/2-1/2"]
[WhiteElo "2387"]
[BlackElo "2168"]
[Annotator "TA"]
[PlyCount "43"]
[EventDate "2018.12.12"]
[EventType "swiss"]
[EventCountry "ISR"]
[SourceTitle "playchess.com"]
[Source "ChessBase"]
[SourceQuality "1"]

{[%evp 24,43,105,97,102,70,80,16,16,19,20,22,20,-2,-3,-3,-3,-5,-5,-5,-5,-4]} 1. e4 c5 2. Nf3 g6 3. c4 Bg7 4. d4 cxd4 5. Nxd4 Nc6 6. Be3 Qb6 7. Nb3 Qd8 8. Nc3 Nf6 9. Be2 O-O 10. O-O d6 11. Nd4 a5 12. Ndb5 {B38: Sicilian: Maroczy Bind with 5...Bg7 and 7...0-0} (12. f3 Bd7 13. Ndb5 Nb4 14. a3 Na6 15. Na4 Bxb5 16. cxb5 Nc7 17. Nb6 Rb8 18. Qd2 Nd7 19. a4 Nc5 {1-0 (47) Drazic,S (2410)-Sinanovic,M (2353) Jahorina 2018}) 12... Nd7 13. Qd2 {LiveBook: 3 Games} Nc5 14. Rfd1 {White is better.} f5 $146 ({Predecessor:} 14... Be6 15. f3 Ne5 16. b3 Nc6 17. Rab1 f5 18. exf5 Rxf5 19. f4 Rf8 {1-0 (34) Ortmann,D (2302)-Bieber,R Berlin 2015}) 15. Bxc5 ({White should try} 15. Bf3 $16) 15... dxc5 $11 {The position is equal.} 16. Qxd8 Rxd8 17. Rxd8+ Nxd8 18. Nd5 Nc6 19. Nb6 Rb8 20. Nxc8 Rxc8 21. exf5 gxf5 22. Rd1 1/2-1/2

[Event "ISR-ch Open 2018"]
[Site "Ma'alot-Tarshih"]
[Date "2018.12.12"]
[Round "1"]
[White "Bronstein, Or"]
[Black "Smirin, Ilia"]
[Result "1/2-1/2"]
[WhiteElo "2359"]
[BlackElo "2609"]
[Annotator "TA"]
[PlyCount "72"]
[EventDate "2018.12.12"]
[EventType "swiss"]
[EventCountry "ISR"]
[SourceTitle "playchess.com"]
[Source "ChessBase"]
[SourceQuality "1"]

{[%evp 18,72,19,23,42,36,56,35,37,37,65,32,42,40,51,0,0,0,10,10,1,0,2,-6,0,-14,0,0,0,0,0,-25,-30,-27,-26,-19,0,-11,18,0,0,0,0,0,43,0,0,0,0,0,0,0,2,0,0,0,0]} 1. d4 Nf6 2. c4 e6 3. Nf3 b6 4. g3 Bb7 5. Bg2 Be7 6. O-O O-O 7. Nc3 Ne4 8. Qc2 Nxc3 9. Qxc3 Be4 10. Bf4 {LiveBook: 30 Games} c5 {E19: Queen's Indian: Old Main Line with 7...Ne4 8 Qc2 Nxc3 8 Qxc3} (10... f5 11. h4 Bf6 12. Rad1 Nc6 13. Qe3 Re8 14. Ne5 Bxg2 15. Kxg2 Ne7 16. Bg5 Bxg5 17. Qxg5 d6 18. Nf3 h6 19. Qe3 Qd7 20. h5 {½-½ (20) Meier,G (2650)-Baklan,V (2618) Baden-Baden 2011}) 11. Rad1 $146 ({Predecessor:} 11. Rfd1 Nc6 12. dxc5 bxc5 13. Qe3 Bxf3 14. Bxf3 Rc8 15. Qd3 Qb6 16. Bxc6 dxc6 17. Be5 Rfd8 18. Qe4 {½-½ (45) Kallai,G (2497)-Csom,I (2455) Hungary 2003}) 11... Qc8 12. d5 exd5 {White is slightly better.} 13. cxd5 {aiming for Be5.} Re8 14. Rfe1 (14. Qc4 $5 {[%cal Rc4e4]} Bf6 15. Bh3 $14) 14... Bf6 15. Qc1 Qb7 16. Ng5 Bxg2 17. Kxg2 Bxg5 18. Bxg5 d6 19. e4 Nd7 20. Bd2 b5 21. b3 b4 22. Bf4 Qb6 23. h4 a5 24. Qb2 f6 25. h5 Re7 26. Re3 Qa6 27. Qc2 Rc8 28. Rc1 Rf7 29. Qd1 Ne5 30. h6 Ng6 31. hxg7 {Strongly threatening Bh6.} Nxf4+ {The position is equal.} 32. gxf4 Rxg7+ 33. Rg3 Rcc7 34. Qf3 Rce7 35. Rg1 Rxg3+ 36. Kxg3 {Hoping for Kh2+.} Rg7+ {Accuracy: White = 17%, Black = 55%.} 1/2-1/2